00470 2200181 4500001002100000005001500021035002000036245005100056100001500107260003100122300002800153020002200181084001400203082000800217650001000225008004100235990001200276INLIS00000000000273020251007091439 a0010-09250000771 aPanduan Manajemen Perilaku Siswa /cSue Cowles aSue Cowles aJakarta :bErlangga,c2010 a266 ;c(13,5 x 21,5 cm) a978-979-099-510-9 a370 SUE p a370 4aFiksi251007 0  a0754932